Walking Dead Characters - Statistics

General Stats
  • This quiz has been taken 538 times
  • The average score is 21 of 32
Answer Stats
Actor Character % Correct
Andrew Lincoln Rick
97%
Chandler Riggs Carl
95%
Norman Reedus Daryl
94%
Lauren Cohen Maggie
89%
Steven Yeun Glenn
88%
Sarah Wayne Callies Lori
86%
Jeffrey Dean Morgan Negan
86%
Melissa McBride Carol
85%
Jon Bernthal Shane
84%
Danai Gurira Michonne
81%
Scott Wilson Hershel
72%
Michael Cudlitz Abraham
70%
David Morrissey The Govenor
70%
Laurie Holden Andrea
68%
Michael Rooker Merle
67%
Emily Kinney Beth
66%
Josh McDermitt Eugene
64%
Christian Serratos Rosita
64%
Jeffrey DeMunn Dale
59%
Lennie James Morgan
59%
Sonequa Martin-Green Sasha
58%
Tom Payne Jesus
54%
Chad L. Coleman Tyreese
49%
Ross Marquand Aaron
48%
Samantha Morton Alpha
48%
Seth Gilliam Gabriel
48%
Alanna Masterson Tara
47%
Khary Payton Ezekiel
46%
Ryan Hurst Beta
45%
Katelyn Nacon Enid
35%
Cooper Andrews Jerry
26%
Callan McAuliffe Alden
22%
No matching quizzes found
Score Distribution
Percent of People with Each Score
Percentile by Number Answered
Your Score History
You have not taken this quiz